LEADER 00904nam0-22003251i-450- 001 990000154680403321 010 $a88-7975-112-3 035 $a000015468 035 $aFED01000015468 035 $a(Aleph)000015468FED01 035 $a000015468 100 $a20011111d--------km-y0itay50------ba 101 0 $aita 105 $ay-------001yy 200 1 $a<>conglomerati cementizi$etecnologia e mix design$fSergio Lai , Giorgio Usai. 210 $aRoma$cCISU$dcopyr. 1996 215 $aVIII, 304 p.$cill.$d24 cm 300 $aSegue: Appendice 610 0 $aCalcestruzzi cementizi 676 $a620.136 700 1$aLai,$bSergio$0333996 702 1$aUsai,$bGiorgio 801 0$aIT$bUNINA$gRICA$2UNIMARC 901 $aBK 912 $a990000154680403321 952 $a13 D 36 27$b11359$fFINBC 959 $aFINBC 996 $aConglomerati cementizi$9120393 997 $aUNINA DB $aING01 LEADER 02727 am 22005533u 450 001 9910304147503321 005 20230327195710.0 024 7 $a10.20851/ilm-1 035 $a(CKB)4100000007389933 035 $a(OAPEN)1002623 035 $a(WaSeSS)IndRDA00124696 035 $a(oapen)https://directory.doabooks.org/handle/20.500.12854/34587 035 $a(EXLCZ)994100000007389933 100 $a20200618d2019 uy 0 101 0 $aeng 135 $auuuuu---auuuu 181 $ctxt$2rdacontent 182 $cc$2rdamedia 183 $acr$2rdacarrier 200 00$a'Ilm $escience, religion and art in Islam /$fedited by Samer Akkach 210 $aAdelaide$cUniversity of Adelaide Press$d2019 210 1$aAdelaide, South Australia :$cUniversity of Adelaide Press,$d2019. 215 $a1 online resource (240) 311 $a1-925261-75-1 311 $a1-925261-76-X 320 $aIncludes bibliographical references. 330 $aThis edited volume of chapters resulted from an international conference held at the University of Adelaide in July 2016 under the same title to explore the multifaceted concept of ?ilm in Islam ? its agency and manifestations in the connected realms of science, religion, and the arts. The aim is to explore the Islamic civilisational responses to major shifts in the concept of ?knowledge? that took place in the post-mediaeval period, and especially within the context of the ?early modern?. It asserts that the true value of knowledge lies in its cross-civilisational reach, as when the development of knowledge in pre-modern Islam exerted profound changes onto the Europeans, whose resurgence in the early modern period has in turn forced massive changes onto the Islamic worldview and its systems of knowledge. Now the landscape of knowledge has significantly changed, the Muslim mind, which has been historically calibrated to be particularly sensitive towards knowledge, can and should open to new horizons of knowing where science, religion, and art can meet again on freshly cultivated and intellectually fertile grounds. 606 $aIslam and science 606 $aIslam and art 606 $aKnowledge, Theory of (Islam) 610 $ailm 610 $aislam 610 $aart 610 $ascience 610 $areligion 610 $aislamic worldview 610 $apremodern islam 615 0$aIslam and science. 615 0$aIslam and art. 615 0$aKnowledge, Theory of (Islam) 676 $a297.265 700 $aAkkach$b Samer$4edt$01153721 702 $aAkkach$b Samer 801 0$bWaSeSS 801 1$bWaSeSS 906 $aBOOK 912 $a9910304147503321 996 $aIlm$93068245 997 $aUNINA LEADER 03104nam 2200637Ia 450 001 9910791349803321 005 20230725015428.0 010 $a0-8047-7379-3 024 7 $a10.1515/9780804773799 035 $a(CKB)2560000000011476 035 $a(EBL)537857 035 $a(OCoLC)638861391 035 $a(SSID)ssj0000417195 035 $a(PQKBManifestationID)12164469 035 $a(PQKBTitleCode)TC0000417195 035 $a(PQKBWorkID)10437203 035 $a(PQKB)10808194 035 $a(MiAaPQ)EBC537857 035 $a(DE-B1597)564741 035 $a(DE-B1597)9780804773799 035 $a(Au-PeEL)EBL537857 035 $a(CaPaEBR)ebr10392271 035 $a(OCoLC)1178769883 035 $a(EXLCZ)992560000000011476 100 $a20090904d2010 uy 0 101 0 $aeng 135 $aurun#---|uu|u 181 $ctxt 182 $cc 183 $acr 200 00$aEthnic Europe$b[electronic resource] $emobility, identity, and conflict in a globalized world /$fedited by Roland Hsu 210 $aStanford, CA $cStanford University Press$dc2010 215 $a1 online resource (273 p.) 300 $aDescription based upon print version of record. 311 0 $a0-8047-6946-X 311 0 $a0-8047-6947-8 320 $aIncludes bibliographical references and index. 327 $tFront matter --$tContents --$tContributors --$tAcknowledgments --$tChapter One. The Ethnic Question --$tChapter Two. --$tChapter Three. --$tChapter Four. --$tChapter Five. Veiled Truths --$tChapter Six. Europe?s Internal Exiles --$tChapter Seven. The Return of Ethnicity to Europe via Islamic Migration? --$tChapter Eight. Germans and Jews in Turkey --$tChapter Nine. Experiment Mars, Turkish Migration, and the Future of Europe --$tChapter Ten. Jews in Contemporary Europe --$tIndex 330 $aEthnic Europe examines the increasingly complex ethnic challenges facing the expanding European Union. Essays from eleven experts tackle such issues as labor migration, strains on welfare economies, the durability of local traditions, the effects of globalized cultures, and the role of Islamic diasporas, separatist movements, and threats of terrorism. With Europe now a destination for global immigration, European countries are increasingly alert to the difficult struggle to balance minority rights with social cohesion. In pondering these dilemmas, the contributors to this volume take us from theory, history, and broad views of diasporas, to the particularities of neighborhoods, borderlands, and popular literature and film that have been shaped by the mixing of ethnic cultures. 606 $aEthnicity$zEurope 606 $aGroup identity$zEurope 606 $aMinorities$zEurope 606 $aImmigrants$zEurope 615 0$aEthnicity 615 0$aGroup identity 615 0$aMinorities 615 0$aImmigrants 676 $a305.80094 701 $aHsu$b Roland$f1961-$01581194 801 0$bMiAaPQ 801 1$bMiAaPQ 801 2$bMiAaPQ 906 $aBOOK 912 $a9910791349803321 996 $aEthnic Europe$93862591 997 $aUNINA